Průvodce úplného začátečníka pro malé počítačové sítě

Salvato in:
Dettagli Bibliografici
Autore principale: Soper, Mark Edward (Autore)
Natura: Libro
Lingua:ceco
Pubblicazione: Praha : Grada Publishing, 2005
Edizione:1.vyd.
Soggetti:
Tags: Aggiungi Tag
Nessun Tag, puoi essere il primo ad aggiungerne!!

MARC

LEADER 00000nam a22000003a 4500
001 stu300091
005 20190206132514.3
008 141104s--------xr------------------cze-d
020 |a 80-247-1391-8 
040 |a STU  |b slo 
041 0 |a cze 
044 |a xr 
100 1 |a Soper, Mark Edward  |4 aut 
245 1 |a Průvodce úplného začátečníka pro malé počítačové sítě 
250 |a 1.vyd. 
260 |a Praha :  |b Grada Publishing,  |c 2005 
300 |a 376 s 
650 7 |a počítačové siete  |2 stusub 
996 |b 284V036403  |c V*52059/O-23284  |l VVT  |s A  |a 24  |w stu300091_0001